000 00838nas a2200277 4500
001 BR7701755
003 BR-BrBNA
005 20231205083138.0
007 ta
008 230509b bl.|||p| |||| 00| 00por d
040 _aBR-BrBNA
_bpor
_cBiblioteca Nacional de Agricultura
041 _a(Pt)
072 _aF30; B50
100 1 _aFeres, J.
100 1 _aHilgert, E.R.
100 1 _aGomes, J.E. da S.
245 1 _aHistorico do melhoramento da soja na Secretaria da Agricultura [Glycine max; Rio Grande do Sul; Brasil]
650 _aMelhoramento genetico vegetal
650 _aHistoria
650 _aSoja
650 _aVariedade
650 _aRio Grande do Sul
773 0 _tIPAGRO Informa (Brazil)
_xISSN 0100-3410
_g(Sep 1977), (no. 18) p. 3-6
_wBR7701755
909 _a202311
_bLúcia
_c55
_dLúcia Elande
942 _2AGRIS
_n0
_cANA
999 _c96719
_d96719